A través del ancho mundo (Record no. 146408)

MARC details
000 -LEADER
campo de control de longitud fija 00795nam a2200241 i 4500
001 - NÚMERO DE CONTROL
campo de control 146408
003 - IDENTIFICADOR DE NÚMERO DE CONTROL
campo de control ES-MaACL
005 - FECHA Y HORA DE LA ÚLTIMA TRANSACCIÓN
campo de control 20251013231425.0
007 - CAMPO FIJO DE DESCRIPCIÓN FÍSICA--INFORMACIÓN GENERAL
campo de control de longitud fija t|
008 - DATOS DE LONGITUD FIJA--INFORMACIÓN GENERAL
campo de control de longitud fija 070907m19561958sp ||||1| spa d
080 ## - NÚMERO DE LA CLASIFICACIÓN DECIMAL UNIVERSAL
Número de la Clasificación Decimal Universal 087.5:082.1
080 ## - NÚMERO DE LA CLASIFICACIÓN DECIMAL UNIVERSAL
Número de la Clasificación Decimal Universal 087.5:087.5
245 00 - MENCIÓN DEL TÍTULO
Título A través del ancho mundo
Resto del título : selecciones para la juventud.
250 ## - MENCION DE EDICION
Mención de edición [Edición española preparada por Oriol Gali Forés, Jaime Ministral Masia, Arturo Rajul Martinez].
260 ## - PUBLICACIÓN, DISTRIBUCIÓN, ETC.
Lugar de publicación, distribución, etc. Barcelona :
Nombre del editor, distribuidor, etc. Manuel Marín,
Fecha de publicación, distribución, etc. [1956-58]
300 ## - DESCRIPCIÓN FÍSICA
Extensión 9 v. :
Otras características físicas il. ;
Dimensiones 25 cm.
500 ## - NOTA GENERAL
Nota general Falta el t. IV.
700 0# - ENTRADA AGREGADA--NOMBRE PERSONAL
Nombre de persona Gali Forés, Oriol.
9 (RLIN) 53396
700 1# - ENTRADA AGREGADA--NOMBRE PERSONAL
Nombre de persona Ministral Masià, Jaume,
Fechas asociadas al nombre 1914-1982
9 (RLIN) 81362
700 0# - ENTRADA AGREGADA--NOMBRE PERSONAL
Nombre de persona Rajul Martínez, Arturo.
9 (RLIN) 95046
852 ## - LOCALIZACIÓN
Ubicación ES-MaACL
Número de control de estantería P-809
Sublocalización o colección R.40112
Holdings
Estatus retirado Estado de pérdida Estado de daño No para préstamo Biblioteca de origen Biblioteca actual Ubicación en estantería Fecha de adquisición Fuente de adquisición Total de préstamos Signatura topográfica completa Código de barras Visto por última vez Precio de reemplazo Tipo de ítem Koha
        Biblioteca del Ateneo de Madrid Biblioteca del Ateneo de Madrid Depósito 2 17/01/2008     P-809 1152810 23/02/2023 23/02/2023 Libro impreso